Modern Control Theory/ (Record no. 166421)

MARC details
000 -LEADER
fixed length control field 00583nam a22001817a 4500
008 - FIXED-LENGTH DATA ELEMENTS--GENERAL INFORMATION
fixed length control field 190723b ||||| |||| 00| 0 eng d
010 ## - LCCN (DPL NO)
LC control number ENG-126054
020 ## - INTERNATIONAL STANDARD BOOK NUMBER
International Standard Book Number 978-93-8472-675-1
Terms of availability 1995.00
035 ## - SYSTEM CONTROL NUMBER
System control number EN-109586
037 ## - SOURCE OF ACQUISITION
Source of stock number/acquisition DBAD/PUB
082 ## - DEWEY DECIMAL CLASSIFICATION NUMBER
Classification number 629.8312
100 ## - MAIN ENTRY--PERSONAL NAME
Personal name Jairath.K.Anoop
245 ## - TITLE STATEMENT
Title Modern Control Theory/
260 ## - PUBLICATION, DISTRIBUTION, ETC. (IMPRINT)
Place of publication, distribution, etc 4821.Parwana Bhawan, 1st Floor 24 Ansari road, Darya Ganj, New Delhi
Name of publisher, distributor, etc Ane Books Pvt, Ltd.
Date of publication, distribution, etc 2017
300 ## - PHYSICAL DESCRIPTION
Extent 454p.
Dimensions 24cm(hb)
500 ## - GENERAL NOTE
General note Including illustrations, and index.
942 ## - ADDED ENTRY ELEMENTS (KOHA)
Source of classification or shelving scheme Dewey Decimal Classification
Item type English Books
Classification part 629.8312
Call number suffix JAI
Holdings
Withdrawn status Lost status Source of classification or shelving scheme Damaged status Not for loan Collection code Home library Current library Date acquired Source of acquisition Cost, normal purchase price Total Checkouts Full call number Barcode Date last seen Copy number Cost, replacement price Koha item type
    Dewey Decimal Classification     Non-fiction Bawana Bawana 23/07/2019 DBAD/PUB 1995.00   629.8312 JAI EN-109586 23/07/2019 1 1995.00 English Books

© Delhi Public Library
Hit Counter
free hit counter